| 000 | 00770cab a2200241 4500 | ||
|---|---|---|---|
| 001 | WB3304-31 | ||
| 008 | 090401t1997 xxu||||| |||| 00| 0 eng d | ||
| 035 | _a(Sirsi) u33139 | ||
| 041 | _aeng | ||
| 245 | _aAgricultural subsidies | ||
| 260 | _c1997 | ||
| 350 | _a0 | ||
| 490 |
_aFinancial Times _v24 January 1997, 21(3) |
||
| 520 | _aPlans to redirect agricultural subsidies to non-farming activities in rural areas are fiercely opposed by farmers. Whatever the outcome, the CAP is unlikely to remain in its present form. | ||
| 650 | _aAGRICULTURAL SUBSIDIES | ||
| 650 | _aCAP | ||
| 650 | _aCOMMON AGRICULTURAL POLICY | ||
| 650 | _aRURAL AREAS | ||
| 650 | _aRURAL DEVELOPMENT PROGRAMMES | ||
| 690 | _aRURAL PRACTICE | ||
| 942 | _n0 | ||
| 948 | _c04/03/1997 | ||
| 999 |
_c22153 _d22153 |
||